Central Library OPAC University of Rajshahi

The measure of the moon / (Record no. 8532)

MARC details
000 -LEADER
fixed length control field 00715nam a2200241 a 4500
001 - CONTROL NUMBER
control field 8532
003 - CONTROL NUMBER IDENTIFIER
rucl marc code BD-RjUL
005 - DATE AND TIME OF LATEST TRANSACTION
control field 20211208234615.0
008 - FIXED-LENGTH DATA ELEMENTS--GENERAL INFORMATION
fixed length control field 140118s1963 ilua b 00100 eng
035 ## - SYSTEM CONTROL NUMBER
System control number (BD-RjUL)8577
System control number (BD-RjUL)
040 ## - CATALOGING SOURCE
Original cataloging agency BD-RjUL
Language of cataloging eng
Transcribing agency BD-RjUL
Modifying agency BD-RjUL
041 ## - LANGUAGE CODE
Language code of text/sound track or separate title eng
082 ## - DEWEY DECIMAL CLASSIFICATION NUMBER
Classification number 523.34
Author mark and year BAM 1963
100 1# - MAIN ENTRY--PERSONAL NAME
Personal name Baldwin, Ralph B.
Fuller form of name (Ralph Belknap),
Dates associated with a name 1912-
9 (RLIN) 26566
245 14 - TITLE STATEMENT
Title The measure of the moon /
Statement of responsibility, etc. Ralph B. Baldwin
260 0# - PUBLICATION, DISTRIBUTION, ETC. (IMPRINT)
Place of publication, distribution, etc. Chicago :
Name of publisher, distributor, etc. University of Chicago Press,
Date of publication, distribution, etc. c1963
300 ## - PHYSICAL DESCRIPTION
Pagination xix, 488 p. :
Illustrations ill. ;
Size 25 cm.
504 ## - BIBLIOGRAPHY, ETC. NOTE
Bibliography, etc Includes bibliographical references and index.
651 #0 - SUBJECT ADDED ENTRY--GEOGRAPHIC NAME
Geographic name Moon
General subdivision Surface.
9 (RLIN) 26567
942 ## - ADDED ENTRY ELEMENTS (KOHA)
Source of classification or shelving scheme Dewey Decimal Classification
Koha item type Books
Holdings
Lost status Source of classification or shelving scheme Damaged status Not for loan Collection code Permanent Location Current Location Shelving location Date acquired Source of acquisition Cost, normal purchase price Total Checkouts Full call number Date last seen Copy number Koha item type
  Dewey Decimal Classification   Not For Loan Non-fiction Central Library, University of Rajshahi Central Library, University of Rajshahi   18/04/1968 Swet and Zeithinger 112.00   523.34 BAM 1963 18/01/2014 C-1 Books